AH International Schools' Libraries

Tyrannosaurus drip / (Record no. 50176)

MARC details
000 -LEADER
fixed length control field 00322nam a2200109 4500
020 ## - INTERNATIONAL STANDARD BOOK NUMBER
International Standard Book Number 9780330532532
100 ## - MAIN ENTRY--PERSONAL NAME
Personal name Donaldson, Julia
9 (RLIN) 45441
245 ## - TITLE STATEMENT
Title Tyrannosaurus drip /
Statement of responsibility, etc Julia Donaldson & David Roberts
260 ## - PUBLICATION, DISTRIBUTION, ETC. (IMPRINT)
Place of publication, distribution, etc London
Name of publisher, distributor, etc Macmillan Children's Books
Date of publication, distribution, etc 2010
300 ## - PHYSICAL DESCRIPTION
Extent unpaged.
Other physical details col. ill.
Dimensions 30 cm.
942 ## - ADDED ENTRY ELEMENTS (KOHA)
Source of classification or shelving scheme
Koha item type Book
Holdings
Withdrawn status Lost status Source of classification or shelving scheme Damaged status Not for loan Collection code Home library Current library Shelving location Date acquired Total Checkouts Full call number Barcode Date last seen Date checked out Price effective from Koha item type
          TEACHERS' RESOURCES Asian Hope Early Years Library Asian Hope Early Years Library Easy Reading 02/09/2026 1 E DON 211073 03/31/2026 02/27/2026 02/09/2026 Book

For any Logos Library related questions please contact Miss Art at swongnarasuk@asianhope.org.

For any Asian Hope Library related questions please contact Miss Raza at graza@asianhope.org.

Click here to explore our ebooks!

Powered by Koha